| 000 | 00832nam a22002655i 4500 | ||
|---|---|---|---|
| 001 | 17721893 | ||
| 005 | 20141110105233.0 | ||
| 008 | 130502s2013 inu 000 0 eng | ||
| 010 | _a 2013939397 | ||
| 020 | _a9781587133084 (hardback : alk. paper) | ||
| 040 |
_aDLC _beng _erda _cDLC |
||
| 042 | _apcc | ||
| 050 |
_aTK 7885 _b.In43 2014 |
||
| 245 | 1 | 0 |
_aIT Essentials : _bPC hardware and software companion guide / _cCisco Networking Academy. |
| 250 | _a5th Ed. | ||
| 260 |
_aIndianapolis, IN : _bCisco Press, _cc2014. |
||
| 263 | _a1307 | ||
| 300 |
_a773 pages : _billustrations ; _c26 cm. |
||
| 521 | _aInformation Technology | ||
| 650 | _aComputers. | ||
| 650 |
_aMicrocomputers _xEquipment and supplies. |
||
| 906 |
_a0 _bibc _corignew _d2 _eepcn _f20 _gy-gencatlg |
||
| 942 |
_2lcc _cBK _kFOR |
||
| 999 |
_c276749 _d276749 |
||